Leyendas de Guatemala

Enregistré dans:
Détails bibliographiques
Auteur principal: Asturias, Miguel Ángel
Format: Livre
Langue:Undetermined
Publié: Madrid, España Salvat 1971
Sujets:
Tags: Ajouter un tag
Pas de tags, Soyez le premier à ajouter un tag!

MARC

LEADER 00000nam a2200000Ia 4500
008 170316s9999 xx 000 0 und d
040 |a cru BVZT 
090 |a 860 A-40L 
100 |a Asturias, Miguel Ángel  |9 1028 
245 |a Leyendas de Guatemala  |c / Miguel Ángel Asturias 
260 |a Madrid, España  |b Salvat  |c 1971 
300 |a 168 páginas 
650 |a LITERATURA LATINOAMERICANA  |9 15 
999 |c 8340  |d 8340 
942 |c 15 D  |h 860 A-40L  |2 z